|
|
|
|
| LEADER |
01038nam a22003737a 4500 |
| 001 |
29962 |
| 003 |
BD-DhAAL |
| 005 |
20150916154957.0 |
| 008 |
150906s1992 bg a|||| |||| 00| 0 eng d |
| 040 |
|
|
|a BD-DhAAL
|c BD-DhAAL
|
| 082 |
|
|
|2 22
|a 307.1412095492
|
| 999 |
|
|
|c 35566
|d 35566
|
| 999 |
|
|
|c 35476
|
| 999 |
|
|
|c 35475
|
| 999 |
|
|
|c 35463
|
| 999 |
|
|
|c 35462
|
| 999 |
|
|
|c 35458
|
| 999 |
|
|
|c 35456
|
| 999 |
|
|
|c 35454
|
| 999 |
|
|
|c 35454
|
| 999 |
|
|
|c 35451
|
| 999 |
|
|
|c 35435
|
| 999 |
|
|
|c 35434
|
| 999 |
|
|
|c 35433
|
| 245 |
|
|
|a Training and resource centre :
|b annual report 1991
|
| 260 |
|
|
|a Dhaka :
|b BRAC,
|c 1992
|
| 300 |
|
|
|a 66 p. :
|b ill. ;
|c 28 cm.
|
| 541 |
|
|
|e 29962
|
| 610 |
|
|
|a BRAC
|9 14405
|
| 650 |
|
|
|a Rural Development
|z Bangladesh
|9 14406
|
| 710 |
|
|
|a BRAC
|9 14405
|
| 852 |
|
|
|a Ayesha Abed Library
|c BRAC Resource Section
|
| 942 |
|
|
|2 ddc
|c BK
|
| 952 |
|
|
|0 0
|1 0
|2 ddc
|4 0
|6 307_141209549200000_TRA
|7 0
|9 55938
|a BRACUL
|b BRACUL
|c BRS
|d 2015-09-16
|e BRAC
|l 0
|o 307.1412095492 TRA
|p 3010029962
|r 2015-09-16
|t 1
|w 2015-09-16
|y BK
|